<?xml version="1.0" encoding="UTF-8"?>
<record
    xmlns:xsi="http://www.w3.org/2001/XMLSchema-instance"
    xsi:schemaLocation="http://www.loc.gov/MARC21/slim http://www.loc.gov/standards/marcxml/schema/MARC21slim.xsd"
    xmlns="http://www.loc.gov/MARC21/slim">

  <leader>00545nam a22001817a 4500</leader>
  <controlfield tag="003">3228</controlfield>
  <controlfield tag="005">20250919121238.0</controlfield>
  <controlfield tag="008">eng </controlfield>
  <datafield tag="020" ind1=" " ind2=" ">
    <subfield code="a">9781401929039</subfield>
  </datafield>
  <datafield tag="040" ind1=" " ind2=" ">
    <subfield code="a">RDA</subfield>
    <subfield code="b">eng</subfield>
    <subfield code="c">3228</subfield>
    <subfield code="d">3228</subfield>
  </datafield>
  <datafield tag="050" ind1=" " ind2=" ">
    <subfield code="a">158.1 WILS</subfield>
  </datafield>
  <datafield tag="100" ind1=" " ind2=" ">
    <subfield code="9">196675</subfield>
    <subfield code="a">Heather Marie Wilson</subfield>
  </datafield>
  <datafield tag="245" ind1=" " ind2=" ">
    <subfield code="a">Seeds of freedom</subfield>
    <subfield code="b">cultivating a life that matters</subfield>
    <subfield code="c">Heather Marie Wilson</subfield>
  </datafield>
  <datafield tag="260" ind1=" " ind2=" ">
    <subfield code="a">Carlsbad California</subfield>
    <subfield code="b">Hay House, Inc.</subfield>
    <subfield code="c">2011</subfield>
  </datafield>
  <datafield tag="300" ind1=" " ind2=" ">
    <subfield code="a">xxii, 209 pages</subfield>
    <subfield code="c">23 centimeters</subfield>
  </datafield>
  <datafield tag="650" ind1=" " ind2="0">
    <subfield code="9">181711</subfield>
    <subfield code="a">Quality of life</subfield>
    <subfield code="x">Evaluation</subfield>
  </datafield>
  <datafield tag="942" ind1=" " ind2=" ">
    <subfield code="2">ddc</subfield>
    <subfield code="c">BOOK</subfield>
    <subfield code="k">158.1</subfield>
    <subfield code="m">WILS</subfield>
    <subfield code="w">170</subfield>
    <subfield code="x">Busisiwe Dlamini</subfield>
    <subfield code="y">170</subfield>
    <subfield code="z">Busisiwe Dlamini</subfield>
  </datafield>
  <datafield tag="999" ind1=" " ind2=" ">
    <subfield code="c">786171</subfield>
    <subfield code="d">786170</subfield>
  </datafield>
  <datafield tag="952" ind1=" " ind2=" ">
    <subfield code="0">0</subfield>
    <subfield code="1">0</subfield>
    <subfield code="2">ddc</subfield>
    <subfield code="4">0</subfield>
    <subfield code="7">0</subfield>
    <subfield code="8">100</subfield>
    <subfield code="a">THANPL</subfield>
    <subfield code="b">THANPL</subfield>
    <subfield code="c">GEN</subfield>
    <subfield code="d">2025-09-19</subfield>
    <subfield code="l">0</subfield>
    <subfield code="o">158.1 WILS</subfield>
    <subfield code="p">33228031062559</subfield>
    <subfield code="r">2025-09-19</subfield>
    <subfield code="w">2025-09-19</subfield>
    <subfield code="y">BOOK</subfield>
  </datafield>
</record>
